De cómo un rey madrileño dejó a su pueblo sin corte / (Record no. 175312)

MARC details
000 -LEADER
campo de control de longitud fija 01041nam a2200253 i 4500
001 - NÚMERO DE CONTROL
campo de control 175312
003 - IDENTIFICADOR DE NÚMERO DE CONTROL
campo de control ES-MaACL
005 - FECHA Y HORA DE LA ÚLTIMA TRANSACCIÓN
campo de control 20250822003749.0
007 - CAMPO FIJO DE DESCRIPCIÓN FÍSICA--INFORMACIÓN GENERAL
campo de control de longitud fija t|
008 - DATOS DE LONGITUD FIJA--INFORMACIÓN GENERAL
campo de control de longitud fija 101021s1966 sp f ||||1| spa d
080 ## - NÚMERO DE LA CLASIFICACIÓN DECIMAL UNIVERSAL
Número de la Clasificación Decimal Universal 946.027 M. "15/17"
100 1# - ENTRADA PRINCIPAL--NOMBRE DE PERSONA
Nombre de persona Entrambasaguas, Joaquín de,
Fechas asociadas al nombre 1904-1995
9 (RLIN) 47309
245 10 - MENCIÓN DEL TÍTULO
Título De cómo un rey madrileño dejó a su pueblo sin corte /
Mención de responsabilidad, etc. por Joaquín de Entrambasaguas.
260 ## - PUBLICACIÓN, DISTRIBUCIÓN, ETC.
Lugar de publicación, distribución, etc. Madrid :
Nombre del editor, distribuidor, etc. Ayuntamiento de Madrid, Delegación de Educación :
-- Instituto de Estudios Madrileños,
Fecha de publicación, distribución, etc. 1966.
300 ## - DESCRIPCIÓN FÍSICA
Extensión 63 p. , [2] h. de lám. ;
Dimensiones 22 cm.
490 1# - MENCIÓN DE SERIE
Mención de serie Aula de cultura. Curso sobre historia de Madrid ;
Designación de volumen o secuencia 5
600 04 - PUNTO DE ACCESO ADICIONAL DE MATERIA--NOMBRE DE PERSONA
Nombre de persona Felipe
Numeración III,
Títulos y otros términos asociados al nombre Rey de España
9 (RLIN) 49180
651 #4 - PUNTO DE ACCESO ADICIONAL DE MATERIA--NOMBRE GEOGRÁFICO
Nombre geográfico Madrid-
Subdivisión general Historia-
Subdivisión cronológica S.XVI-XVIII.
9 (RLIN) 143692
710 1# - ENTRADA AGREGADA--NOMBRE DE ENTIDAD CORPORATIVA
Nombre de entidad corporativa o nombre de jurisdicción como elemento de entrada Madrid.
Unidad subordinada Ayuntamiento.
-- Delegación de Educación.
9 (RLIN) 143647
710 2# - ENTRADA AGREGADA--NOMBRE DE ENTIDAD CORPORATIVA
Nombre de entidad corporativa o nombre de jurisdicción como elemento de entrada Instituto de Estudios Madrileños
9 (RLIN) 4916
830 0# - PUNTO DE ACCESO ADICIONAL DE SERIE-TÍTULO UNIFORME
Título uniforme Aula de cultura. Curso sobre historia de Madrid ;
Designación de volumen o secuencia 5
9 (RLIN) 189644
852 ## - LOCALIZACIÓN
Ubicación ES-MaACL
Número de control de estantería 2260-F-4
Encuadernación Olim P-56
Holdings
Estatus retirado Estado de pérdida Estado de daño No para préstamo Colección Biblioteca de origen Biblioteca actual Ubicación en estantería Fecha de adquisición Fuente de adquisición Total de préstamos Signatura topográfica completa Código de barras Visto por última vez Precio de reemplazo Tipo de ítem Koha
        Colección de folletos Biblioteca del Ateneo de Madrid Biblioteca del Ateneo de Madrid Depósito folletos 21/10/2010     2260-F-4 1184081 23/02/2023 23/02/2023 Folleto